| 000 | 00737nam a2200205 a 4500 | ||
|---|---|---|---|
| 005 | 20231028063759.0 | ||
| 008 | 991125m19941995mx 000 0 spa u | ||
| 020 | _a9682973791 (obra general) | ||
| 035 | _aUPN01000042175 | ||
| 049 | _aCG | ||
| 050 | 4 |
_aLB1578.369 P6.51 _bH4.6 |
|
| 100 | 1 |
_aHernández Cruz, Bartolo _943250 |
|
| 245 | 1 | 0 |
_aNuntajiyi' : _blengua popoluca, Veracruz : primer ciclo / _cBartolo Hernández Cruz. |
| 260 |
_aMéxico : _bSEP, Comisión Nacional de los Libros de Texto Gratuitos, _cc1994-1995. |
||
| 300 |
_a2 v. : _bil. col. |
||
| 650 | 4 |
_aCartilla popoluca _98182 |
|
| 650 | 4 |
_aIndígenas de México _zVeracruz _xLenguas _921179 |
|
| 650 | 4 |
_aPopoluca _xEstudio y enseñanza (Elemental) _91488 |
|
| 905 | _aLibro | ||
| 999 |
_c42175 _d42175 |
||